[Event "Bristol Fide 2019 Open"]
[Site "Bristol Grammar School"]
[Date "2019.02.16"]
[Round "3.9"]
[White "Rahulan, Thivyaa"]
[Black "Pleasants, Allan"]
[Result "1-0"]
[WhiteElo "1814"]
[BlackElo "2080"]
[PlyCount "77"]
[EventDate "2019.02.15"]
[SourceTitle "Bristol Fide Open 2019"]
[Source "Dave Tipper"]
[SourceDate "2019.03.04"]
[SourceVersion "1"]
[SourceVersionDate "2019.03.04"]
[SourceQuality "2"]

1. e4 g6 2. d4 Bg7 3. Nc3 c6 4. Nf3 d5 5. h3 dxe4 6. Nxe4 Bf5 7. Ng3 Nf6 8.
Nxf5 Qa5+ 9. c3 Qxf5 10. Bd3 Qc8 11. O-O O-O 12. Re1 Re8 13. Bf4 Nbd7 14. Qd2
a6 15. Bh6 c5 16. Bxg7 Kxg7 17. Bc2 Qc7 18. Rad1 Rad8 19. Qc1 b5 20. Rd2 cxd4
21. Nxd4 e5 22. Nf3 Re7 23. Red1 Rde8 24. Rd6 e4 25. Ne1 e3 26. fxe3 Rxe3 27.
Nf3 Qc5 28. Kh1 Ne5 29. Ng1 a5 30. R6d2 Nc4 31. Rd3 Qc6 32. Nf3 Re2 33. Rg1 Nh5
34. Nd4 Qc7 35. Nxe2 Rxe2 36. b3 Nd2 37. Re1 Rxg2 38. Kxg2 Nf4+ 39. Kf2 1-0

[Event "Bristol Fide 2019 Open"]
[Site "Bristol Grammar School"]
[Date "2019.02.16"]
[Round "3.10"]
[White "White, Ian R"]
[Black "Duggan, Michael"]
[Result "1/2-1/2"]
[WhiteElo "1826"]
[BlackElo "2050"]
[PlyCount "31"]
[EventDate "2019.02.15"]
[SourceTitle "Bristol Fide Open 2019"]
[Source "Dave Tipper"]
[SourceDate "2019.03.04"]
[SourceVersion "1"]
[SourceVersionDate "2019.03.04"]
[SourceQuality "2"]

1. Nf3 d5 2. g3 c5 3. Bg2 Nc6 4. d4 Bg4 5. Ne5 Nxe5 6. dxe5 e6 7. c4 Ne7 8. Nc3
d4 9. Qa4+ Qd7 10. Qxd7+ Kxd7 11. Ne4 Nc6 12. f4 Be7 13. b3 f6 14. exf6 gxf6
15. h3 Bf5 16. g4 1/2-1/2

[Event "Bristol Fide 2019 Open"]
[Site "Bristol Grammar School"]
[Date "2019.02.16"]
[Round "3.11"]
[White "Lampard, Alice"]
[Black "Fathallah, Joe"]
[Result "1/2-1/2"]
[WhiteElo "1718"]
[BlackElo "1962"]
[PlyCount "169"]
[EventDate "2019.02.15"]
[SourceTitle "Bristol Fide Open 2019"]
[Source "Dave Tipper"]
[SourceDate "2019.03.04"]
[SourceVersion "1"]
[SourceVersionDate "2019.03.04"]
[SourceQuality "2"]

1. d4 f5 2. Bg5 h6 3. Bh4 g5 4. e3 Nf6 5. Bg3 Bg7 6. h4 g4 7. h5 O-O 8. c4 d6
9. Nc3 Nc6 10. Qb3 e5 11. dxe5 dxe5 12. Rd1 Qe7 13. Nd5 Qf7 14. Ne2 Rb8 15.
Nec3 Be6 16. Nb5 Ne8 17. Be2 a6 18. Nbc3 b5 19. cxb5 axb5 20. a4 b4 21. Nb5 Kh8
22. Bc4 Na5 23. Qxb4 Nxc4 24. Qxc4 Rd8 25. Nbc3 Nf6 26. Qxc7 Nxd5 27. Nxd5 Rxd5
28. Qxf7 Rxf7 29. O-O Rb7 30. Rxd5 Bxd5 31. Rd1 Bf7 32. Rd2 e4 33. Bf4 Rxb2 34.
Rd7 Bg8 35. Rd6 Ra2 36. Ra6 Bc3 37. Rxh6+ Kg7 38. Rc6 Be1 39. h6+ Kf7 40. Rc7+
Ke8 41. Bg3 Bb4 42. Rg7 Kf8 43. Ra7 Ra1+ 44. Kh2 Ra2 45. h7 Bxh7 46. Rxh7 Rxa4
47. Rb7 Be1 48. Rb1 Bc3 49. Rc1 Bd2 50. Rc2 Be1 51. Bf4 Kf7 52. Kg3 Ra6 53. Rc1
Bd2 54. Rc5 Kg6 55. Rc2 Be1 56. Rc1 Bd2 57. Rh1 Ra2 58. Rd1 Rc2 59. f3 gxf3 60.
gxf3 exf3 61. Kxf3 Ra2 62. Rg1+ Kf7 63. Rg2 Rb2 64. Be5 Rb5 65. Bd4 Ba5 66.
Rg7+ Ke6 67. Rg6+ Kf7 68. Rc6 Bd8 69. Kf4 Rd5 70. Be5 Bh4 71. Rc7+ Ke8 72. Rg7
Bf2 73. Kxf5 Rxe5+ 74. Kxe5 Bxe3 75. Ke6 Kf8 76. Rb7 Bd4 77. Rc7 Bb2 78. Kf5
Ba1 79. Ke6 Bb2 80. Rf7+ Kg8 81. Rb7 Bc3 82. Kf5 Kf8 83. Kg6 Ba1 84. Ra7 Bc3
85. Rc7 1/2-1/2

[Event "Bristol Fide 2019 Open"]
[Site "Bristol Grammar School"]
[Date "2019.02.16"]
[Round "3.12"]
[White "Perrin, Brent"]
[Black "Kramaley, David"]
[Result "1-0"]
[WhiteElo "1960"]
[BlackElo "1847"]
[PlyCount "33"]
[EventDate "2019.02.15"]
[SourceTitle "Bristol Fide Open 2019"]
[Source "Dave Tipper"]
[SourceDate "2019.03.04"]
[SourceVersion "1"]
[SourceVersionDate "2019.03.04"]
[SourceQuality "2"]

1. e4 d5 2. exd5 Qxd5 3. Nc3 Qd8 4. Bc4 Nf6 5. d3 e6 6. Nf3 Be7 7. O-O O-O 8.
Ne5 Nbd7 9. f4 Nxe5 10. fxe5 Qd4+ 11. Kh1 Ng4 12. Qe2 Bc5 13. Ne4 f5 14. exf6
Nxf6 15. c3 Qe5 16. Bf4 Qh5 17. Nxf6+ 1-0

[Event "Bristol Fide 2019 Open"]
[Site "Bristol Grammar School"]
[Date "2019.02.16"]
[Round "3.13"]
[White "Littleton, Mark"]
[Black "Vaughan, Alex"]
[Result "1/2-1/2"]
[WhiteElo "1944"]
[BlackElo "1832"]
[PlyCount "66"]
[EventDate "2019.02.15"]
[SourceTitle "Bristol Fide Open 2019"]
[Source "Dave Tipper"]
[SourceDate "2019.03.04"]
[SourceVersion "1"]
[SourceVersionDate "2019.03.04"]
[SourceQuality "2"]

1. d4 e6 2. Nf3 f5 3. e3 Nf6 4. Be2 Be7 5. O-O O-O 6. c4 b6 7. Nc3 Bb7 8. Rb1
Ne4 9. Qc2 Na6 10. a3 Bf6 11. b4 Nxc3 12. Qxc3 c5 13. Qd2 cxd4 14. exd4 d6 15.
Bb2 Rc8 16. Rbc1 Bxf3 17. gxf3 Nb8 18. f4 Qe8 19. Bf3 Qf7 20. Rfe1 Rfe8 21. Kh1
Kh8 22. Re2 Rc7 23. Qe1 Nd7 24. Bd5 Nf8 25. Rd1 Rce7 26. Bc6 Rc8 27. b5 Qh5 28.
Rd3 Ng6 29. Bc1 Nh4 30. Rxe6 Rxc6 31. bxc6 Nf3 32. Rxf3 Qxf3+ 33. Kg1 Qg4+
1/2-1/2

[Event "Bristol Fide 2019 Open"]
[Site "Bristol Grammar School"]
[Date "2019.02.16"]
[Round "3.14"]
[White "Hurst, Eddie"]
[Black "Miller, George"]
[Result "1/2-1/2"]
[WhiteElo "1917"]
[BlackElo "1793"]
[PlyCount "85"]
[EventDate "2019.02.15"]
[SourceTitle "Bristol Fide Open 2019"]
[Source "Dave Tipper"]
[SourceDate "2019.03.04"]
[SourceVersion "1"]
[SourceVersionDate "2019.03.04"]
[SourceQuality "2"]

1. d4 e6 2. Bf4 d5 3. Nf3 Nf6 4. e3 Bd6 5. Bg3 c5 6. c3 Qc7 7. Bd3 Nbd7 8. Nbd2
b6 9. e4 Bxg3 10. hxg3 cxd4 11. Nxd4 dxe4 12. Nxe4 Nxe4 13. Bxe4 Bb7 14. Qe2
Bxe4 15. Qxe4 Qe5 16. Qxe5 Nxe5 17. Ke2 a6 18. Rh5 Nd7 19. f3 Rc8 20. Rd1 Ke7
21. g4 h6 22. Rdh1 Nf6 23. R5h4 Rhd8 24. g3 Rd5 25. Re1 Re5+ 26. Kf2 Rxe1 27.
Kxe1 Rc5 28. Rh2 Re5+ 29. Re2 Rxe2+ 30. Kxe2 Kd6 31. Kd3 g6 32. Nc2 h5 33. gxh5
Nxh5 34. g4 Nf4+ 35. Ke3 Nd5+ 36. Kd4 f5 37. gxf5 gxf5 38. c4 Ne7 39. b4 Nc6+
40. Kc3 Ne5 41. Nd4 Ng6 42. a4 Nh4 43. c5+ 1/2-1/2

[Event "Bristol Fide 2019 Open"]
[Site "Bristol Grammar School"]
[Date "2019.02.16"]
[Round "3.15"]
[White "Cordner, David"]
[Black "Iwi, Graham"]
[Result "1-0"]
[WhiteElo "1991"]
[BlackElo "1912"]
[PlyCount "91"]
[EventDate "2019.02.15"]
[SourceTitle "Bristol Fide Open 2019"]
[Source "Dave Tipper"]
[SourceDate "2019.03.04"]
[SourceVersion "1"]
[SourceVersionDate "2019.03.04"]
[SourceQuality "2"]

1. e4 e6 2. d4 d5 3. Nc3 Nf6 4. Bg5 dxe4 5. Nxe4 Be7 6. Bxf6 Bxf6 7. Nf3 Nd7 8.
Bd3 O-O 9. h4 e5 10. Nfg5 exd4 11. Qh5 h6 12. O-O-O Ne5 13. Nxf6+ Qxf6 14. Nf3
Re8 15. Nxe5 Rxe5 16. Rhe1 Qf4+ 17. Kb1 Rxe1 18. Rxe1 Bg4 19. Qb5 Rf8 20. Qxb7
Qxf2 21. Rf1 Re8 22. a3 Qxh4 23. Qxc7 Re1+ 24. Ka2 Be6+ 25. b3 Re4 26. Qb8+ Kh7
27. Qf4 f5 28. Bxe4 Qxf4 29. Rxf4 fxe4 30. Rxe4 Bf5 31. Rxd4 Bxc2 32. Kb2 Bf5
33. Kc3 h5 34. Ra4 Kh6 35. Kd2 Kg5 36. Ke3 Bc2 37. Rxa7 Bxb3 38. Rxg7+ Kf6 39.
Rc7 Kg5 40. Kf2 h4 41. Rc5+ Kg6 42. Kf3 Bd1+ 43. Kf4 Be2 44. Rc6+ Kh5 45. Rc8
Bf1 46. Rh8+ 1-0

[Event "Bristol Fide 2019 Open"]
[Site "Bristol Grammar School"]
[Date "2019.02.16"]
[Round "3.16"]
[White "Meek, Stephen"]
[Black "LeRoy, Jason"]
[Result "1-0"]
[WhiteElo "1985"]
[BlackElo "1495"]
[PlyCount "69"]
[EventDate "2019.02.15"]
[SourceTitle "Bristol Fide Open 2019"]
[Source "Dave Tipper"]
[SourceDate "2019.03.04"]
[SourceVersion "1"]
[SourceVersionDate "2019.03.04"]
[SourceQuality "2"]

1. e4 e5 2. Nf3 Nc6 3. d4 exd4 4. Nxd4 Bc5 5. Nb3 Bb6 6. Nc3 d6 7. Qe2 Nf6 8.
Be3 O-O 9. O-O-O Bxe3+ 10. Qxe3 a6 11. Qd2 Be6 12. Kb1 b5 13. f3 Ne5 14. Qf2
Qe7 15. Be2 Rfd8 16. Nd5 Nxd5 17. exd5 Bd7 18. Rhe1 Qf8 19. h3 Re8 20. f4 Nc4
21. Bf3 g6 22. Nd4 Qg7 23. c3 Qf6 24. Bg4 Qd8 25. b3 Nb6 26. Bf3 a5 27. Kb2 a4
28. Rxe8+ Bxe8 29. Nc2 Qb8 30. Qd4 axb3 31. axb3 Nc4+ 32. bxc4 Ra4 33. Nb4 Qa8
34. Rc1 c5 35. dxc6 1-0

[Event "Bristol Fide 2019 Open"]
[Site "Bristol Grammar School"]
[Date "2019.02.16"]
[Round "3.17"]
[White "Lovell, William"]
[Black "Bogdan, Horia"]
[Result "1/2-1/2"]
[WhiteElo "1736"]
[BlackElo "1913"]
[PlyCount "82"]
[EventDate "2019.02.15"]
[SourceTitle "Bristol Fide Open 2019"]
[Source "Dave Tipper"]
[SourceDate "2019.03.04"]
[SourceVersion "1"]
[SourceVersionDate "2019.03.04"]
[SourceQuality "2"]

1. c4 c5 2. g3 g6 3. Bg2 Bg7 4. Nc3 Nc6 5. e4 d6 6. Nge2 e6 7. d3 Nge7 8. O-O
O-O 9. Rb1 b6 10. a3 Bb7 11. b4 Qd7 12. h3 Rfd8 13. Be3 Nd4 14. Bg5 h6 15. Bd2
d5 16. exd5 exd5 17. bxc5 dxc4 18. Bxb7 Qxb7 19. Nxd4 Bxd4 20. cxb6 axb6 21.
Nb5 Nf5 22. Qg4 Bc5 23. Bb4 Bxb4 24. Rxb4 cxd3 25. Rd1 Rac8 26. Nd4 h5 27. Qf4
Ne7 28. Qh4 Nd5 29. Rb3 d2 30. Rd3 Re8 31. R3xd2 Nc3 32. Ra1 Re4 33. Qf6 Rce8
34. Qc6 Qxc6 35. Nxc6 Re1+ 36. Rxe1 Rxe1+ 37. Kg2 Ra1 38. Rb2 Rb1 39. Rxb1 Nxb1
40. a4 Nc3 41. a5 bxa5 1/2-1/2

[Event "Bristol Fide 2019 Open"]
[Site "Bristol Grammar School"]
[Date "2019.02.16"]
[Round "3.18"]
[White "Havard, Gwyn"]
[Black "Ingham, William"]
[Result "0-1"]
[WhiteElo "1464"]
[BlackElo "1835"]
[PlyCount "128"]
[EventDate "2019.02.15"]
[SourceTitle "Bristol Fide Open 2019"]
[Source "Dave Tipper"]
[SourceDate "2019.03.04"]
[SourceVersion "1"]
[SourceVersionDate "2019.03.04"]
[SourceQuality "2"]

1. e4 d6 2. d4 c6 3. c4 Nf6 4. Bd3 e5 5. Ne2 Qb6 6. dxe5 dxe5 7. Nbc3 Be6 8.
O-O Nbd7 9. Na4 Qc7 10. f4 exf4 11. Bxf4 Bd6 12. c5 Be5 13. b4 Rd8 14. Qc2 O-O
15. Nb2 Ng4 16. Nd1 Bxf4 17. Nxf4 Qe5 18. Qb2 Rfe8 19. h3 Ngf6 20. Rb1 Qxb2 21.
Rxb2 Ne5 22. Nxe6 Rxe6 23. Bb1 Rd4 24. Ne3 Nc4 25. Nf5 Rd7 26. Re2 Na3 27. Nd6
Nxb1 28. Rxb1 Ne8 29. e5 Nxd6 30. cxd6 f6 31. Rbe1 fxe5 32. Rxe5 Rexd6 33. Rf1
Rd8 34. Re7 R6d7 35. Rff7 Rxe7 36. Rxe7 Rd1+ 37. Kh2 Rd2 38. a4 b5 39. Rxa7 Rd4
40. a5 Rxb4 41. a6 Ra4 42. Ra8+ Kf7 43. a7 b4 44. Kg3 b3 45. Rb8 Rxa7 46. Rxb3
c5 47. Rc3 Rc7 48. Kf4 c4 49. Ke4 Ke6 50. g4 g5 51. Kd4 Rc8 52. Ke4 Rf8 53. Ra3
Rc8 54. Rc3 Kd6 55. Kd4 Rf8 56. Re3 Rf4+ 57. Kc3 Kd5 58. Kc2 Kd4 59. Re7 Rf2+
60. Kd1 Kd3 61. Rd7+ Ke3 62. Rxh7 Rh2 63. Rc7 Rxh3 64. Rxc4 Kd3 0-1

[Event "Bristol Fide 2019 Open"]
[Site "Bristol Grammar School"]
[Date "2019.02.16"]
[Round "3.19"]
[White "Stubbs, Oliver"]
[Black "Walker, Max"]
[Result "1-0"]
[WhiteElo "1833"]
[BlackElo "1790"]
[PlyCount "59"]
[EventDate "2019.02.15"]
[SourceTitle "Bristol Fide Open 2019"]
[Source "Dave Tipper"]
[SourceDate "2019.03.04"]
[SourceVersion "1"]
[SourceVersionDate "2019.03.04"]
[SourceQuality "2"]

1. d4 d5 2. Bf4 Nf6 3. e3 e6 4. Nf3 c5 5. c3 Nc6 6. Nbd2 Be7 7. Bd3 O-O 8. Ne5
Qb6 9. Rb1 cxd4 10. exd4 Nxe5 11. dxe5 Nd7 12. O-O Re8 13. Nf3 f6 14. exf6 Bxf6
15. Re1 Nc5 16. Bc2 Bd7 17. Ne5 Bxe5 18. Bxe5 Rf8 19. Bd4 Qc7 20. Qh5 Ne4 21.
Bxe4 dxe4 22. Rxe4 g6 23. Qh6 Bc8 24. Rbe1 a5 25. h4 Ra6 26. h5 e5 27. Rxe5 Qg7
28. Qxg7+ Kxg7 29. Re7+ Kg8 30. Rg7+ 1-0

[Event "Bristol Fide 2019 Open"]
[Site "Bristol Grammar School"]
[Date "2019.02.16"]
[Round "3.20"]
[White "Weatherlake, John"]
[Black "Stannard, Anthony"]
[Result "0-1"]
[WhiteElo "1801"]
[BlackElo "1955"]
[PlyCount "54"]
[EventDate "2019.02.15"]
[SourceTitle "Bristol Fide Open 2019"]
[Source "Dave Tipper"]
[SourceDate "2019.03.04"]
[SourceVersion "1"]
[SourceVersionDate "2019.03.04"]
[SourceQuality "2"]

1. e4 e6 2. d4 d5 3. Nd2 Nf6 4. e5 Nfd7 5. Bd3 c5 6. c3 Nc6 7. Ne2 cxd4 8. cxd4
f6 9. exf6 Nxf6 10. O-O Bd6 11. Nf3 Qc7 12. Bg5 O-O 13. Bh4 Nh5 14. Bg3 Nxg3
15. Nxg3 g6 16. Bc2 Qg7 17. Re1 Bd7 18. h4 Rf4 19. Ne2 Rxf3 20. gxf3 Qf6 21.
Kg2 Rf8 22. f4 Qxh4 23. Rh1 Qg4+ 24. Ng3 Qxf4 25. Qg1 Nxd4 26. Bd1 Bb5 27. Rh2
Nf3 0-1

[Event "Bristol Fide 2019 Open"]
[Site "Bristol Grammar School"]
[Date "2019.02.16"]
[Round "3.21"]
[White "Fielding, Michael"]
[Black "Strong, Chris"]
[Result "1-0"]
[WhiteElo "1791"]
[BlackElo "1541"]
[PlyCount "73"]
[EventDate "2019.02.15"]
[SourceTitle "Bristol Fide Open 2019"]
[Source "Dave Tipper"]
[SourceDate "2019.03.04"]
[SourceVersion "1"]
[SourceVersionDate "2019.03.04"]
[SourceQuality "2"]

1. d4 Nf6 2. c4 g6 3. Nc3 d5 4. Bf4 Bg7 5. e3 c5 6. dxc5 Qa5 7. Qa4+ Qxa4 8.
Nxa4 dxc4 9. Bxc4 Nc6 10. Ne2 Nh5 11. Rd1 Nxf4 12. Nxf4 Bf5 13. Bd3 Bg4 14. f3
Bd7 15. Bc4 e6 16. Bb5 O-O-O 17. O-O h5 18. Ne2 Bh6 19. Kf2 g5 20. Nd4 Kc7 21.
Nc3 Rhe8 22. Ne4 g4 23. Nf6 Rh8 24. f4 e5 25. fxe5 Nxe5 26. Bxd7 Nxd7 27. Nxd7
Rxd7 28. Nb5+ Kc6 29. Nxa7+ Kc7 30. Nb5+ Kc6 31. Rxd7 Kxd7 32. Nd4 Re8 33. Re1
h4 34. Nf5 Bg5 35. e4 Kc6 36. b4 Kb5 37. Nd6+ 1-0

[Event "Bristol Fide 2019 Open"]
[Site "Bristol Grammar School"]
[Date "2019.02.17"]
[Round "4.1"]
[White "Martin, Lewis"]
[Black "Arkell, Keith"]
[Result "0-1"]
[WhiteElo "2165"]
[BlackElo "2460"]
[Annotator "Tipper, Dave"]
[PlyCount "114"]
[EventDate "2019.02.15"]
[SourceTitle "Bristol Fide Open 2019"]
[Source "Dave Tipper"]
[SourceDate "2019.03.04"]
[SourceVersion "1"]
[SourceVersionDate "2019.03.04"]
[SourceQuality "2"]

1. e4 e6 2. d4 d5 3. Nd2 c5 4. exd5 Qxd5 5. dxc5 Qxc5 6. Ngf3 Nf6 7. Nb3 Qc7 8.
Bd3 Nc6 9. O-O Be7 10. Re1 O-O 11. c3 b6 12. Bg5 Bb7 13. Qe2 Rfe8 14. Rad1 Rad8
15. Nbd4 Nxd4 16. Nxd4 Qc5 17. Bh4 Qh5 18. Qxh5 Nxh5 19. Bxe7 Rxe7 20. Ne2 (20.
Be2 $16) 20... Red7 21. Bc2 Kf8 22. Rxd7 Rxd7 23. Rd1 Rc7 24. f3 Nf6 25. Kf2
Ke7 26. Bd3 h6 27. c4 Nd7 28. b3 Ne5 29. Bb1 a6 30. Nd4 Rd7 31. Ke3 g5 32. Be4
Bxe4 33. Kxe4 Kf6 34. Rc1 Ng6 35. c5 bxc5 36. Rxc5 Nf4 37. g3 Nd5 38. a3 Ke7
39. b4 Rd6 40. Rc6 Kd7 41. b5 Rxc6 42. bxc6+ Kd6 43. h4 f5+ 44. Nxf5+ exf5+ 45.
Kxf5 Ne7+ 46. Kf6 gxh4 47. gxh4 Nxc6 48. h5 Ne7 49. Kg7 Nf5+ 50. Kf6 Ng3 51.
Kg6 Ke5 52. Kxh6 Kf6 53. f4 a5 54. a4 Kf5 55. Kg7 Nxh5+ 56. Kf7 Nxf4 57. Ke7
Ke5 0-1

[Event "Bristol Fide 2019 Open"]
[Site "Bristol Grammar School"]
[Date "2019.02.17"]
[Round "4.2"]
[White "Gallagher, Ian"]
[Black "Beaumont, Chris"]
[Result "0-1"]
[WhiteElo "2089"]
[BlackElo "2254"]
[PlyCount "54"]
[EventDate "2019.02.15"]
[SourceTitle "Bristol Fide Open 2019"]
[Source "Dave Tipper"]
[SourceDate "2019.03.04"]
[SourceVersion "1"]
[SourceVersionDate "2019.03.04"]
[SourceQuality "2"]

1. d4 d6 2. e4 Nf6 3. Nc3 g6 4. Bg5 c6 5. Qd2 b5 6. f3 Nbd7 7. Nh3 Qc7 8. Nf2
b4 9. Na4 Qa5 10. b3 Bg7 11. Bh6 Bxh6 12. Qxh6 Nb6 13. Nxb6 axb6 14. Bc4 Qh5
15. Qd2 Qa5 16. O-O O-O 17. f4 d5 18. e5 dxc4 19. exf6 c3 20. Qe3 exf6 21. Qe7
f5 22. Nd3 Ba6 23. Rf3 Bxd3 24. Rxd3 Rfe8 25. Qb7 Qd5 26. Kf1 Qe4 27. Qxb6 Rxa2
0-1

[Event "Bristol Fide 2019 Open"]
[Site "Bristol Grammar School"]
[Date "2019.02.17"]
[Round "4.3"]
[White "McPhillips, Joseph"]
[Black "Jukes, Sam"]
[Result "1-0"]
[WhiteElo "2411"]
[BlackElo "1914"]
[PlyCount "49"]
[EventDate "2019.02.15"]
[SourceTitle "Bristol Fide Open 2019"]
[Source "Dave Tipper"]
[SourceDate "2019.03.04"]
[SourceVersion "1"]
[SourceVersionDate "2019.03.04"]
[SourceQuality "2"]

1. e4 e5 2. Nf3 Nc6 3. c3 d5 4. Qa4 Bd7 5. exd5 Nd4 6. Qd1 Nxf3+ 7. Qxf3 Nf6 8.
Bc4 Bd6 9. d3 Qe7 10. O-O h6 11. Nd2 g5 12. Ne4 Nxe4 13. dxe4 g4 14. Qe2 h5 15.
Bb5 O-O-O 16. Bxd7+ Qxd7 17. Be3 f5 18. exf5 e4 19. Bd4 Rhg8 20. Qxe4 Rde8 21.
Qd3 h4 22. Rae1 Rxe1 23. Rxe1 g3 24. fxg3 hxg3 25. h3 1-0

[Event "Bristol Fide 2019 Open"]
[Site "Bristol Grammar School"]
[Date "2019.02.17"]
[Round "4.4"]
[White "Krzyzanowski, Patryk"]
[Black "Timmins, Chris"]
[Result "0-1"]
[WhiteElo "2092"]
[BlackElo "1853"]
[PlyCount "82"]
[EventDate "2019.02.15"]
[SourceTitle "Bristol Fide Open 2019"]
[Source "Dave Tipper"]
[SourceDate "2019.03.04"]
[SourceVersion "1"]
[SourceVersionDate "2019.03.04"]
[SourceQuality "2"]

1. d4 d5 2. c4 Nc6 3. Nf3 Bg4 4. cxd5 Bxf3 5. dxc6 Bxc6 6. Nc3 e6 7. Bf4 Nf6 8.
Rc1 Bd6 9. Bxd6 Qxd6 10. e3 O-O 11. Qc2 a6 12. f3 Rfe8 13. Bc4 e5 14. d5 Bxd5
15. Rd1 c6 16. e4 Qc5 17. Bxd5 cxd5 18. exd5 e4 19. Kf1 exf3 20. gxf3 Re3 21.
Qf2 Rae8 22. Kg2 Qb4 23. d6 R3e6 24. d7 Rd8 25. Nd5 Nxd5 26. Rxd5 Qe7 27. Qd4
Re2+ 28. Kg3 Qe6 29. Rd1 Qg6+ 30. Qg4 Qc2 31. Qh4 Qc7+ 32. Kh3 Rxh2+ 33. Kg4
Rxh4+ 34. Kxh4 Qf4+ 35. Kh3 Qxf3+ 36. Kh2 Qf2+ 37. Kh3 Qf3+ 38. Kh2 Kf8 39.
R1d2 Qf4+ 40. Kg2 Qxd2+ 41. Rxd2 Ke7 0-1

[Event "Bristol Fide 2019 Open"]
[Site "Bristol Grammar School"]
[Date "2019.02.17"]
[Round "4.5"]
[White "Handley, Michael"]
[Black "Cherupalli, Ramprasad"]
[Result "1-0"]
[WhiteElo "1991"]
[BlackElo "1844"]
[PlyCount "61"]
[EventDate "2019.02.15"]
[SourceTitle "Bristol Fide Open 2019"]
[Source "Dave Tipper"]
[SourceDate "2019.03.04"]
[SourceVersion "1"]
[SourceVersionDate "2019.03.04"]
[SourceQuality "2"]

1. d4 Nf6 2. c4 e6 3. Nf3 b6 4. a3 Bb7 5. Nc3 d5 6. cxd5 Nxd5 7. e3 Nd7 8. Bd3
N7f6 9. Qe2 Be7 10. e4 Nxc3 11. bxc3 O-O 12. h4 c5 13. e5 Nd5 14. Bxh7+ Kh8 15.
Bc2 Nxc3 16. Qd3 Ne4 17. Ng5 c4 18. Qd1 g6 19. Bxe4 Bxe4 20. Nxe4 Qd5 21. f3
Rad8 22. Be3 Kg7 23. Kf2 b5 24. h5 f6 25. hxg6 fxe5 26. Bh6+ Kxg6 27. Bxf8 Rxf8
28. Qd2 Qxd4+ 29. Ke2 Rf4 30. Qc2 Kg7 31. Rad1 1-0

[Event "Bristol Fide 2019 Open"]
[Site "Bristol Grammar School"]
[Date "2019.02.17"]
[Round "4.6"]
[White "Turner, Joseph"]
[Black "Perrin, Brent"]
[Result "1-0"]
[WhiteElo "1862"]
[BlackElo "1960"]
[PlyCount "53"]
[EventDate "2019.02.15"]
[SourceTitle "Bristol Fide Open 2019"]
[Source "Dave Tipper"]
[SourceDate "2019.03.04"]
[SourceVersion "1"]
[SourceVersionDate "2019.03.04"]
[SourceQuality "2"]

1. e4 e6 2. d3 d5 3. Nd2 Nf6 4. Ngf3 c5 5. g3 Be7 6. Bg2 O-O 7. O-O Nc6 8. Re1
Qc7 9. e5 Nd7 10. Qe2 f6 11. exf6 Nxf6 12. c3 Bd7 13. Nf1 Bd6 14. h4 Rae8 15.
Bg5 e5 16. Bxf6 Rxf6 17. Ng5 Ne7 18. Ne3 e4 19. dxe4 h6 20. e5 Bxe5 21. Nxd5
Nxd5 22. Bxd5+ Kh8 23. Nf7+ Rxf7 24. Bxf7 Bxg3 25. Bxe8 Bh2+ 26. Kh1 Bh3 27.
Qf3 1-0

[Event "Bristol Fide 2019 Open"]
[Site "Bristol Grammar School"]
[Date "2019.02.17"]
[Round "4.7"]
[White "Smith, Chris"]
[Black "Rahulan, Thivyaa"]
[Result "1/2-1/2"]
[WhiteElo "1957"]
[BlackElo "1814"]
[PlyCount "84"]
[EventDate "2019.02.15"]
[SourceTitle "Bristol Fide Open 2019"]
[Source "Dave Tipper"]
[SourceDate "2019.03.04"]
[SourceVersion "1"]
[SourceVersionDate "2019.03.04"]
[SourceQuality "2"]

1. d4 f5 2. Nc3 Nf6 3. Bg5 g6 4. Bxf6 exf6 5. a3 d5 6. e3 c6 7. Bd3 Bd6 8. Qf3
Be6 9. h4 Qd7 10. Nge2 h5 11. Nf4 Bf7 12. Nce2 Na6 13. Rc1 b5 14. Kf1 Nc7 15.
c3 a5 16. g3 Ra7 17. Kg2 Na8 18. a4 Nb6 19. axb5 cxb5 20. b3 O-O 21. Nxh5 gxh5
22. Bxf5 Be6 23. Bxe6+ Qxe6 24. Qxh5 Qe8 25. Qxe8 Rxe8 26. Nf4 Bxf4 27. exf4 a4
28. bxa4 bxa4 29. g4 Nc4 30. h5 Re2 31. Kf3 Rae7 32. Ra1 a3 33. g5 fxg5 34.
fxg5 a2 35. Kg3 Na5 36. f4 Nb3 37. Raf1 a1=Q 38. Rxa1 Nxa1 39. Rxa1 R2e3+ 40.
Kg4 Rxc3 41. Ra8+ Kg7 42. h6+ Kh7 1/2-1/2

[Event "Bristol Fide 2019 Open"]
[Site "Bristol Grammar School"]
[Date "2019.02.17"]
[Round "4.8"]
[White "Ward, Andy"]
[Black "Garcia, Oscar"]
[Result "0-1"]
[WhiteElo "1801"]
[BlackElo "2075"]
[PlyCount "86"]
[EventDate "2019.02.15"]
[SourceTitle "Bristol Fide Open 2019"]
[Source "Dave Tipper"]
[SourceDate "2019.03.04"]
[SourceVersion "1"]
[SourceVersionDate "2019.03.04"]
[SourceQuality "2"]

1. d4 Nf6 2. Bg5 e6 3. e4 h6 4. Bxf6 Qxf6 5. c3 b6 6. Bd3 Bb7 7. Ne2 Nc6 8. O-O
g5 9. Nd2 Qg7 10. b4 h5 11. e5 d6 12. exd6 Bxd6 13. Qa4 a6 14. Be4 b5 15. Qb3
O-O 16. a4 Rae8 17. axb5 axb5 18. Bd3 Bf4 19. Nxf4 gxf4 20. f3 Rd8 21. Bxb5
Nxd4 22. cxd4 Qxd4+ 23. Kh1 Qxd2 24. Qc4 Rd5 25. Ra7 Rg5 26. Rg1 Bd5 27. Qxc7
h4 28. Qe7 Rg7 29. Qxh4 Qe3 30. Rd7 Bxf3 31. Bf1 Bc6 32. Rd8 f3 33. Rxf8+ Kxf8
34. Qd8+ Be8 35. g4 f2 36. Rg2 Qe1 37. Qd3 Ke7 38. Qa6 Rg5 39. Qa7+ Bd7 40.
Qxf2 Qxb4 41. Be2 Bc6 42. Bf3 Qb7 43. Qh4 Qb1+ 0-1

[Event "Bristol Fide 2019 Open"]
[Site "Bristol Grammar School"]
[Date "2019.02.17"]
[Round "4.9"]
[White "Duggan, Michael"]
[Black "Ingham, William"]
[Result "1/2-1/2"]
[WhiteElo "2050"]
[BlackElo "1835"]
[PlyCount "109"]
[EventDate "2019.02.15"]
[SourceTitle "Bristol Fide Open 2019"]
[Source "Dave Tipper"]
[SourceDate "2019.03.04"]
[SourceVersion "1"]
[SourceVersionDate "2019.03.04"]
[SourceQuality "2"]

1. e4 d6 2. d4 c6 3. Nc3 Nf6 4. Be3 Qa5 5. f3 e5 6. Qd2 b5 7. Nge2 Be7 8. Ng3
O-O 9. Be2 Na6 10. O-O Bd7 11. Nd5 Qd8 12. Nxf6+ Bxf6 13. Nh5 g6 14. Nxf6+ Qxf6
15. dxe5 Qxe5 16. Rad1 d5 17. a4 Qxb2 18. exd5 cxd5 19. Bd4 Qa3 20. Qf4 Qe7 21.
Bf6 Qe6 22. Rxd5 Nc7 23. Rd6 Qf5 24. Qxf5 Bxf5 25. Rc6 Nd5 26. axb5 Nxf6 27.
Rxf6 Bxc2 28. Rc1 Bf5 29. Rc7 Be6 30. Rf4 Rfc8 31. Rb7 Rcb8 32. Rc7 Rc8 33.
Rxc8+ Rxc8 34. Kf2 Kf8 35. Ke3 Ke7 36. h4 h5 37. Ra4 Rc7 38. g4 hxg4 39. fxg4
Kf6 40. Kf4 Bb3 41. Ra6+ Kg7 42. h5 gxh5 43. gxh5 Re7 44. h6+ Kh8 45. Bd3 Re6
46. Rxa7 Rxh6 47. Ra6 Rh4+ 48. Ke5 Kg7 49. b6 Rb4 50. Be2 Be6 51. Kd6 Bc8 52.
Kc5 Rb2 53. Bd3 Bxa6 54. Bxa6 Kf6 55. Kc6 1/2-1/2